000 00512nam a2200133 a 4500
008 120416s1977 ||||||||||||||||| || u
050 _aTK 7871.99.C45 Cha
245 1 0 _aCharge-coupled devices
_cedited by Roger Melen
246 _atechnology and applications
260 _aNew York
_bIEEE Press
_c1977
300 _avi, 415p. : ill.
350 _a0.00
995 _D0.00
_FCBU-MAIN LIBRARY (Kitwe)
_H1
_I14.15
_UAVAILABLE
_ZAnnex Low-Usage Collection
999 _c37115
_d37115